Základné tendencie vo vývoji odvetvovej ekonomiky SR
Salvato in:
| Autore principale: | |
|---|---|
| Natura: | Libro |
| Lingua: | slovacco |
| Pubblicazione: |
Bratislava
PÚ SAV
2000
|
| Serie: | Pracovné materiály
č. 4 |
| Soggetti: | |
| Tags: |
Nessun Tag, puoi essere il primo ad aggiungerne!!
|
MARC
| LEADER | 00000nam a2200000 4500 | ||
|---|---|---|---|
| 001 | c123651 | ||
| 005 | 20221108084102.7 | ||
| 041 | 0 | |a slo | |
| 044 | |a SK | ||
| 245 | 1 | 0 | |a Základné tendencie vo vývoji odvetvovej ekonomiky SR |
| 264 | 1 | |a Bratislava |b PÚ SAV |c 2000 | |
| 300 | |a 21 s. | ||
| 490 | 1 | |a Pracovné materiály |v č. 4 | |
| 830 | 0 | |a Pracovné materiály |v č. 4 | |
| 610 | 2 | 0 | |a hospodárstvo národné |
| 610 | 2 | 0 | |a pôdohospodárstvo |
| 610 | 2 | 0 | |a priemysel |
| 610 | 2 | 0 | |a stavebníctvo |
| 610 | 2 | 0 | |a služby trhové |
| 610 | 2 | 0 | |a služby nevýrobné |
| 610 | 2 | 0 | |a ponuka |
| 610 | 2 | 0 | |a dopyt |
| 610 | 2 | 0 | |a Slovensko |
| 610 | 2 | 0 | |a 1993-1999 |
| 100 | 1 | |a Lapišáková, Jiřina | |